El ritmo que conecta el futuro : (Registro nro. 31009)
[ vista simple ]
| 000 -LEADER | |
|---|---|
| fixed length control field | 01026nam a22002657a 4500 |
| 003 - CONTROL NUMBER IDENTIFIER | |
| control field | OSt |
| 005 - DATE AND TIME OF LATEST TRANSACTION | |
| control field | 20250812111552.0 |
| 008 - FIXED-LENGTH DATA ELEMENTS--GENERAL INFORMATION | |
| fixed length control field | 250618b |||a|||| |||| 00| 0 spa d |
| 020 ## - INTERNATIONAL STANDARD BOOK NUMBER | |
| International Standard Book Number | 9786287526143 |
| 037 ## - SOURCE OF ACQUISITION | |
| Source of stock number/acquisition | Donación |
| 040 ## - CATALOGING SOURCE | |
| Original cataloging agency | CO-JMCR |
| Language of cataloging | spa |
| Transcribing agency | CO-JMCR |
| Modifying agency | CO-JMCR |
| Description conventions | rda |
| 041 0# - LANGUAGE CODE | |
| Language code of text/sound track or separate title | spa |
| 082 04 - DEWEY DECIMAL CLASSIFICATION NUMBER | |
| Edition number | 23 |
| Classification number | 398 |
| Item number | R61 |
| 245 03 - TITLE STATEMENT | |
| Title | El ritmo que conecta el futuro : |
| Remainder of title | Colombia en expo Dubái / |
| Statement of responsibility, etc. | Ilustrado por Dylan Quintero, Laura Hernández, Sofía Londoño; Ilustrado Edición Andrés Barragán, Leonardo Realpe. |
| 260 ## - PUBLICATION, DISTRIBUTION, ETC. | |
| Place of publication, distribution, etc. | Colombia : |
| Name of publisher, distributor, etc. | Punto aparte editores, |
| Date of publication, distribution, etc. | 2022. |
| 300 ## - PHYSICAL DESCRIPTION | |
| Extent | 116 páginas: |
| Other physical details | Ilustraciones; |
| Dimensions | 31 cm. x 22 cm. |
| 650 24 - SUBJECT ADDED ENTRY--TOPICAL TERM | |
| Source of heading or term | JMCR |
| Topical term or geographic name entry element | Diversidad cultural |
| Geographic subdivision | Colombia |
| 9 (RLIN) | 44254 |
| 650 24 - SUBJECT ADDED ENTRY--TOPICAL TERM | |
| Source of heading or term | JMCR |
| Topical term or geographic name entry element | Innovación |
| Geographic subdivision | Colombia |
| 9 (RLIN) | 44255 |
| 700 1# - ADDED ENTRY--PERSONAL NAME | |
| Personal name | Quintero, Dylan, |
| Relator term | ilustrador |
| 9 (RLIN) | 44169 |
| 700 1# - ADDED ENTRY--PERSONAL NAME | |
| Personal name | Hernández, Laura, |
| Relator term | Ilustradora |
| 9 (RLIN) | 44170 |
| 700 1# - ADDED ENTRY--PERSONAL NAME | |
| Personal name | Londoño, Sofía, |
| Relator term | ilustradora |
| 9 (RLIN) | 44171 |
| 700 1# - ADDED ENTRY--PERSONAL NAME | |
| Personal name | Barragán, Andrés, |
| Relator term | editor |
| 9 (RLIN) | 44172 |
| 700 1# - ADDED ENTRY--PERSONAL NAME | |
| Personal name | Realpe, Leonardo, |
| Relator term | editor |
| 9 (RLIN) | 44173 |
| 942 ## - ADDED ENTRY ELEMENTS (KOHA) | |
| Source of classification or shelving scheme | Dewey Decimal Classification |
| Koha item type | Books |
| Withdrawn status | Lost status | Source of classification or shelving scheme | Damaged status | Not for loan | Collection code | Home library | Current library | Shelving location | Date acquired | Source of acquisition | Total Checkouts | Full call number | Barcode | Date last seen | Date last checked out | Copy number | Price effective from | Koha item type |
|---|---|---|---|---|---|---|---|---|---|---|---|---|---|---|---|---|---|---|
| Dewey Decimal Classification | Non-fiction | Biblioteca Pública José María del Castillo y Rada | Biblioteca Pública José María del Castillo y Rada | Book Cart | 05/14/2025 | Donación | 1 | 398 R61 | 201812507 | 08/20/2025 | 08/19/2025 | Ej.1 | 06/18/2025 | Books |